| 000 | 00614nam a22002057a 4500 | ||
|---|---|---|---|
| 999 |
_c15961 _d15961 |
||
| 003 | AR-CdUCM | ||
| 008 | 190430b ||||| |||| 00| 0 spa d | ||
| 040 |
_aMUNICIPALIDAD PROVINCIAL DEL CUSCO _cBIBLIOTECA MUNICIPAL DEL CUSCO |
||
| 082 |
_a869.9903 / _bG92 |
||
| 100 |
_aGuinduláin, Antonia _935218 |
||
| 245 | _aA punta de lanza / | ||
| 260 |
_aBarcelona : _bMateu, _c1962. |
||
| 300 |
_a234 paginas ; _c20 cm. |
||
| 505 | _aContenido : Novela | ||
| 650 |
_aLiteratura antillana _915020 |
||
| 650 |
_aNovelas _9218 |
||
| 650 |
_aLiteratura europea _9894 |
||
| 942 |
_2ddc _cLIBROS |
||
| 945 |
_awnts _d2019-04-30 |
||